| 000 | 00000nam##2200000za#4500 |
| 001 | 9.641870 |
| 003 | CaOODSP |
| 005 | 20210624223426 |
| 007 | cr ||||||||||| |
| 008 | 150407|1985||||xxc|||||o f|0| 0 fre|d |
| 040 | |aCaOODSP|bfre |
| 043 | |an-cn--- |
| 086 | 1 |aM27-73/1985F-PDF |
| 110 | 1 |aCanada. |bÉnergie, mines et ressources Canada. |
| 245 | 10|aL'énergie des régions pionnières canadiennes : |h[ressource électronique]|bun cadre d'investissement et de création d'emplois |
| 260 | |aOttawa - Ontario : |bÉnergie, mines et ressources Canada |cc1985. |
| 300 | |a23p.|bcarte |
| 500 | |aLe n° de catalogue (M27-73/1985F) et l'ISBN (0-662-93481-4) de l'édition imprimée ont été incorrectement copiés dans l'édition pdf. |
| 590 | |a13-12-Supp|b2013-05-10 |
| 691 | 07|aDisponibilités énergétiques|2gcpds |
| 691 | 07|aFrontière|2gcpds |
| 775 | 08|tCanada's energy frontiers : |w(CaOODSP)9.697869 |
| 856 | 40|ahttp://publications.gc.ca|qPDF|s1.49 Mo|uhttps://publications.gc.ca/collections/collection_2013/rncan-nrcan/M27-73-1985-fra.pdf |